| 000 | 01108cab a2200277 4500 | ||
|---|---|---|---|
| 001 | ABS45001 | ||
| 008 | 090401t1991 xxu||||| |||| 00| 0 eng d | ||
| 035 | _a(Sirsi) u50287 | ||
| 041 | _aeng | ||
| 100 | _aBright, S. | ||
| 245 | _aDeveloping contaminated land: the environmental and legal challenges | ||
| 260 | _c1991 | ||
| 350 | _a0 | ||
| 490 |
_aConveyancer & Property Lawyer _v(1991) Conv 257-269(13) |
||
| 520 | _aSets out developments in the area of contaminated land and liability for cleaning up with UK and EC moves to tighten up pollution law. Concerns itself particularly with the introduction of registers of land used for contaminated uses, the cost and technicalities of reclaiming contaminated land, planning permission, insurance cover and legal advisers` need to conduct thorough searches for clients purchasing land. | ||
| 650 | _aCAVEAT EMPTOR | ||
| 650 | _aCOSTS | ||
| 650 | _aENVIRONMENTAL PROTECTION ACT 1990 | ||
| 650 | _aLAND RECLAMATION | ||
| 650 | _aLANDOWNERS | ||
| 650 | _aSUPERFUND | ||
| 650 | _aUSA | ||
| 690 | _aLAND | ||
| 942 | _n0 | ||
| 948 | _c04/03/1997 | ||
| 999 |
_c31384 _d31384 |
||